logo

Bir Sreshtho Munshi Abdur Rouf Library
Jhenaidah Cadet College

Physics : (Record no. 8531)

MARC details
000 -LEADER
fixed length control field 00696nam a22002651 4500
001 - CONTROL NUMBER
JCCL Control Number 8531
003 - CONTROL NUMBER IDENTIFIER
JCCL marc code BD - JhCC
005 - DATE AND TIME OF LATEST TRANSACTION
control field 20180226195116.0
008 - FIXED-LENGTH DATA ELEMENTS--GENERAL INFORMATION
fixed length control field 930402s1987 enka 000 0 eng d
020 ## - INTERNATIONAL STANDARD BOOK NUMBER
International Standard Book Number 0521271282
035 ## - SYSTEM CONTROL NUMBER
system control number (BD-JhCC)8531
040 ## - CATALOGING SOURCE
Original cataloging agency BD-JhCC
Modifying agency BD-JhCC
041 ## - LANGUAGE CODE
Language code of Book eng
050 #0 - LIBRARY OF CONGRESS CALL NUMBER
Classification number QC23
082 ## - DEWEY DECIMAL CLASSIFICATION NUMBER
Classification number 530
DDC Edition number 19
Author mark and Year ROW 1987
100 1# - MAIN ENTRY--PERSONAL NAME
Personal name Rowell, Gilbert,
Dates associated with a name 1938-
245 10 - TITLE STATEMENT
Title Physics :
Remainder of title a course for GCSE /
Statement of responsibility, etc Gilbert Rowell, Sidney Herbert
260 ## - PUBLICATION, DISTRIBUTION, ETC. (IMPRINT)
Place of publication, distribution, etc Cambridge :
Name of publisher, distributor, etc Cambridge University Press,
Date of publication, distribution, etc 1987
300 ## - PHYSICAL DESCRIPTION
Pagination v, 409 p :
Other physical details ill ;
Dimensions 28 cm
504 ## - BIBLIOGRAPHY, ETC. NOTE
Bibliography, etc Includes index
650 #0 - SUBJECT ADDED ENTRY--TOPICAL TERM
Topical term or geographic name as entry element Physics
700 1# - ADDED ENTRY--PERSONAL NAME
Personal name Herbert, Sidney.
942 ## - ADDED ENTRY ELEMENTS (KOHA)
Source of classification or shelving scheme Dewey Decimal Classification
Koha item type Books
Holdings
Source of classification or shelving scheme Damaged status Not for loan Home library Current library Shelving location Date of accession Total Checkouts Full call number Barcode Date last seen Date checked out Copy number Koha item type
Dewey Decimal Classification     JCC Rouf Library JCC Rouf Library General Stacks 09/09/2024 1 530 ROW 1987 10965 11/04/2024 09/09/2024 C - 1 Books

JCC Library | Contacts | JCC Home

Last Update on 23 September 2017
Copyright @ 2017-2020 JCC Rouf Library
Rouf Library, Jhenidah Cadet College (JCC), Bangladesh